Modelovanie rozdelenia pravdepodobnosti zmesi spojitých a diskrétnych náhodných premenných
Na minha lista:
| Autor principal: | |
|---|---|
| Outros Autores: | |
| Formato: | Manuscrito Livro |
| Idioma: | eslovaco |
| Publicado em: |
2025
|
| Assuntos: | |
| Acesso em linha: | http://is.stuba.sk/zp/portal_zp.pl?podrobnosti=174506 CRZP |
| Tags: |
Sem tags, seja o primeiro a adicionar uma tag!
|
MARC
| LEADER | 00000ntm a22000003a 4500 | ||
|---|---|---|---|
| 001 | stuzp103588 | ||
| 003 | SK-STU | ||
| 005 | 20250724104721.9 | ||
| 007 | ta | ||
| 008 | 150427s2015----xo-----f-mn---000-0-slo-d | ||
| 040 | |a STU |b slo | ||
| 041 | 0 | |a slo | |
| 100 | 1 | |a Harmaniak, Adam |u 010220 |4 aut |U SvF Stavebná fakulta |T SvF Katedra matematiky a deskriptívnej geometrie |X 119985 |U V220 |Y 23 |7 119985 | |
| 242 | 0 | 1 | |a Modelling joint probability distribution of a mixture of continuous and categorical random variables |y eng |
| 245 | 1 | 0 | |a Modelovanie rozdelenia pravdepodobnosti zmesi spojitých a diskrétnych náhodných premenných |
| 260 | |c 2025 | ||
| 650 | 4 | |a štatistické modelovanie |2 slo | |
| 650 | 4 | |a podmienená hustota |2 slo | |
| 650 | 4 | |a aplikácia |2 slo | |
| 650 | 4 | |a zmiešaný náhodný vektor |2 slo | |
| 650 | 4 | |a združené rozdelenie |2 slo | |
| 650 | 4 | |a mixed random vector |2 eng | |
| 650 | 4 | |a joint distribution |2 eng | |
| 650 | 4 | |a application |2 eng | |
| 650 | 4 | |a conditional density |2 eng | |
| 650 | 4 | |a statistical modelling |2 eng | |
| 700 | 1 | |a Bacigál, Tomáš |u 010220 |k Z1 |4 ths |U SvF Stavebná fakulta |T SvF Katedra matematiky a deskriptívnej geometrie |X 38288 |U V220 |Y 23 |7 A000038288 | |
| 856 | 4 | |u http://is.stuba.sk/zp/portal_zp.pl?podrobnosti=174506 | |
| 856 | 4 | |u https://opac.crzp.sk/?fn=detailBiblioForm&sid=C9A1C75A261DD259FC84441E26A3 |z CRZP | |